LEADER 01047nam a2200253 i 4500 001 991000701679707536 005 20020507172449.0 008 951107s1994 ||| ||| | ita 035 $ab10745208-39ule_inst 035 $aLE01300941$9ExL 040 $aDip.to Matematica$beng 082 0 $a519 084 $aAMS 90-XX 100 1 $aFalconieri, Maria Gabriella$0534716 245 10$aAssicurazioni di sopravvivenza e reversibilità. Tesi di laurea /$claureanda Maria Gabriella Falconieri ; relat. Marcello Giordano 260 $aLecce :$bUniversità degli studi. Facoltà di Scienze. Corso di laurea in Matematica,$ca.a. 1994-95 650 4$aEconomics 700 1 $aGiordano, Marcello 907 $a.b10745208$b02-04-14$c28-06-02 912 $a991000701679707536 945 $aLE013 TES 1994/95 FAL1$g1$i2013000041810$lle013$o-$pE0.00$q-$rl$s- $t0$u0$v0$w0$x0$y.i10837280$z28-06-02 996 $aAssicurazioni di sopravvivenza e reversibilità. Tesi di laurea$9910616 997 $aUNISALENTO 998 $ale013$b01-01-95$cm$da $e-$feng$gxx $h0$i1 LEADER 01216nam a22002651i 4500 001 991001798839707536 005 20031217153533.0 008 040407s1954 it |||||||||||||||||ita 035 $ab12825104-39ule_inst 035 $aARCHE-080472$9ExL 040 $aDip.to Scienze Storiche$bita$cA.t.i. Arché s.c.r.l. Pandora Sicilia s.r.l. 082 04$a344.4501 100 1 $aParasassi, Maurizio$0142888 245 13$aLa disoccupazione in Italia :$brelazione sintetica delle indagini e degli studi promossi dalla commissione parlamentare d'inchiesta sulla disoccupazione /$cMaurizio Parasassi, Giorgio Ruffolo ; con prefazione di Roberto Tremelloni 260 $aBologna :$bZanichelli,$c1954 300 $aXXXIII, 255 p. ;$c21 cm 650 4$aDisoccupazione$zItalia$xInchieste 700 1 $aRuffolo, Giorgio$eauthor$4http://id.loc.gov/vocabulary/relators/aut$010461 700 1 $aTremelloni, Roberto 907 $a.b12825104$b02-04-14$c16-04-04 912 $a991001798839707536 945 $aLE009 STOR.88.9-193$g1$i2009000394896$lle009$o-$pE0.00$q-$rl$s- $t0$u0$v0$w0$x0$y.i13376330$z16-04-04 996 $aDisoccupazione in Italia$9684121 997 $aUNISALENTO 998 $ale009$b16-04-04$cm$da $e-$fita$git $h3$i1